00368nam a22001577a 4500003000700000005001700007008004100024020001800065082001500083100001400098245003100112250001100143260003100154300000800185650001700193MPLRDC20220104124807.0210129b ||||| |||| 00| 0 eng d a962-365-179-1 a992.7 WSX  a王受心 a旅游公干应急手册c a初版 ab海滨图书公司c1992 b平 a旅行各论